Normal view MARC view
  • STAMP, L. DUDLEY,STAMP, ELSE C

Entry Personal Name

Number of records used in: 1

001 - CONTROL NUMBER

  • control field: 57607

003 - CONTROL NUMBER IDENTIFIER

  • control field: NUST

005 - DATE AND TIME OF LATEST TRANSACTION

  • control field: 20210628201946.0

008 - FIXED-LENGTH DATA ELEMENTS

  • fixed length control field: 210628|| aca||aabn | a|a d

040 ## - CATALOGING SOURCE

  • Original cataloging agency: NUST
  • Transcribing agency: NUST

100 ## - HEADING--PERSONAL NAME

  • Personal name: STAMP, L. DUDLEY,STAMP, ELSE C

670 ## - SOURCE DATA FOUND

  • Source citation: Work cat.: (NUST): STAMP, L. DUDLEY,STAMP, ELSE C, PRACTICAL ATLAS OF MODERN GEOGRAPHY, 1935
© 2023 Central Library, National University of Sciences and Technology. All Rights Reserved.